[Event "Cardiff Welsh op"]
[Site "Cardiff"]
[Date "2022.04.16"]
[Round "4"]
[White "Peters, Chris"]
[Black "Smith, Chris P"]
[Result "0-1"]
[WhiteElo "1662"]
[BlackElo "1454"]
[PlyCount "104"]
[EventDate "2022.04.15"]
[EventType "swiss"]
[EventRounds "7"]
[EventCountry "WLS"]
[SourceTitle "CBM 207 Extra"]
[Source "ChessBase"]
[SourceDate "2022.05.31"]
[SourceVersion "1"]
[SourceVersionDate "2022.05.31"]
[SourceQuality "1"]

1. e4 d6 2. Bc4 Nf6 3. d4 g6 4. Nc3 Bg7 5. Nf3 0-0 6. Bg5 Nxe4 7. Nxe4 d5 8. Bxd5 Qxd5 9. Nc3 Qd6 10. 0-0 Bg4 11. h3 Bxf3 12. Qxf3 Nc6 13. Nb5 Nxd4 14. Nxd4 Bxd4 15. Rad1 Qb6 16. Rfe1 e6 17. Rxd4 Qxd4 18. Bf6 Qf4 19. Qc3 Qf5 20. g4 Qf4 21. Re3 Rad8 22. Rf3 Qd2 23. Qe5 Rd5 24. Qg3 Qe1+ 25. Kg2 Rd1 26. Qh2 Qf1+ 27. Kg3 Qg1+ 28. Qxg1 Rxg1+ 29. Kf4 Rd1 30. c4 c5 31. Ra3 Rc1 32. Rxa7 Rxc4+ 33. Ke3 Rb4 34. a3 Rb3+ 35. Ke2 Rc8 36. Bc3 Rb8 37. Be5 Rd8 38. Bc3 Kf8 39. g5 Ke8 40. Ra4 Rd5 41. Rh4 Rxg5 42. Rxh7 Rh5 43. Rxh5 gxh5 44. Kf3 Rb5 45. a4 Rb6 46. Be5 Rb4 47. Kg3 Rxa4 48. f4 Re4 49. Kh4 Re3 50. Kxh5 Rxh3+ 51. Kg4 Re3 52. Bd6 c4 0-1

[Event "Cardiff Welsh op"]
[Site "Cardiff"]
[Date "2022.04.15"]
[Round "1"]
[White "Edwards, Jonathan Simon"]
[Black "Peters, Chris"]
[Result "0-1"]
[WhiteElo "1071"]
[BlackElo "1662"]
[PlyCount "102"]
[EventDate "2022.04.15"]
[EventType "swiss"]
[EventRounds "7"]
[EventCountry "WLS"]
[SourceTitle "CBM 207 Extra"]
[Source "ChessBase"]
[SourceDate "2022.05.31"]
[SourceVersion "1"]
[SourceVersionDate "2022.05.31"]
[SourceQuality "1"]

1. e4 e6 2. d3 c5 3. Nf3 Nc6 4. d4 Nf6 5. e5 Ne4 6. d5 Ne7 7. Bc4 b5 8. d6 bxc4 9. dxe7 Bxe7 10. c3 0-0 11. Qe2 Bb7 12. Nbd2 f5 13. Nxc4 Ba6 14. 0-0 Rb8 15. Qd3 d5 16. exd6 Nxd6 17. Nfe5 Nxc4 18. Qxd8 Bxd8 19. Nd7 Bc7 20. Nxb8 Rxb8 21. b3 Nb6 22. c4 Bb7 23. Be3 Be5 24. Rad1 Rc8 25. Bg5 Kf7 26. a4 h6 27. Be3 Ke7 28. f3 Nd7 29. Rd3 Bd4 30. Re1 Ne5 31. Rdd1 Bxf3 32. Rb1 Be4 33. Bxd4 cxd4 34. Ra1 Nd3 35. Red1 Nb4 36. Rac1 Nd3 37. Rc2 Rb8 38. Re2 Rxb3 39. g4 Bf3 40. Kf1 Bxe2+ 41. Kxe2 Nf4+ 42. Kf2 Nh3+ 43. Kg2 Nf4+ 44. Kf2 e5 45. gxf5 Kd6 46. Kg1 Kc5 47. Re1 Re3 48. Rxe3 dxe3 49. Kf1 Kxc4 50. h4 Kd3 51. h5 e2+ 0-1

[Event "Cardiff Welsh op"]
[Site "Cardiff"]
[Date "2022.04.15"]
[Round "2"]
[White "Peters, Chris"]
[Black "Havard, Gwyn"]
[Result "0-1"]
[WhiteElo "1662"]
[BlackElo "1916"]
[PlyCount "38"]
[EventDate "2022.04.15"]
[EventType "swiss"]
[EventRounds "7"]
[EventCountry "WLS"]
[SourceTitle "CBM 207 Extra"]
[Source "ChessBase"]
[SourceDate "2022.05.31"]
[SourceVersion "1"]
[SourceVersionDate "2022.05.31"]
[SourceQuality "1"]

1. e4 d5 2. exd5 Nf6 3. d4 Bg4 4. Nf3 Qxd5 5. Nc3 Qd7 6. Bc4 e6 7. Bf4 Nc6 8. d5 exd5 9. Qe2+ Be7 10. 0-0-0 d4 11. Rhe1 Qf5 12. Rxd4 0-0 13. Qd2 Nxd4 14. Nxd4 Qd7 15. h3 Bh5 16. Re5 Rad8 17. Nd5 Rfe8 18. Nxf6+ Bxf6 19. Rxh5 Qxd4 0-1

[Event "WLS-ch Minor 64th"]
[Site "Cardiff"]
[Date "2018.03.31"]
[Round "4"]
[White "Fraser, Chris A"]
[Black "Peters, Chris"]
[Result "1-0"]
[WhiteElo "1622"]
[BlackElo "1591"]
[PlyCount "88"]
[EventDate "2018.03.30"]
[EventType "swiss"]
[EventRounds "7"]
[EventCountry "WLS"]
[SourceTitle "EXT 2021"]
[Source "ChessBase"]
[SourceDate "2020.10.23"]
[SourceVersion "1"]
[SourceVersionDate "2020.10.23"]
[SourceQuality "1"]

1. c4 c5 2. Nf3 Nc6 3. d4 cxd4 4. Nxd4 e5 5. Nc2 Bc5 6. Nc3 Nf6 7. g3 0-0 8. Bg2 Re8 9. 0-0 d6 10. h3 Be6 11. b3 Qd7 12. Kh2 Rad8 13. Nd5 Bxd5 14. cxd5 Ne7 15. e4 h6 16. Be3 Rc8 17. Qd2 Bxe3 18. Nxe3 Rc7 19. Rac1 Rec8 20. Rxc7 Qxc7 21. Rd1 Qc3 22. Nc4 Qxd2 23. Rxd2 Ne8 24. Rc2 b5 25. Ne3 Rxc2 26. Nxc2 Nc7 27. b4 f5 28. f3 fxe4 29. fxe4 Kf7 30. h4 Nc8 31. Kh3 Nb6 32. g4 Nc4 33. Kg3 Kf6 34. Kf2 g5 35. h5 a5 36. bxa5 Nxa5 37. Bf1 Nb7 38. Ne3 Nd8 39. Nf5 Nf7 40. a3 Ne8 41. Bxb5 Ng7 42. Nxg7 Kxg7 43. a4 Nd8 44. a5 Nb7 1-0

[Event "WLS-ch Minor 64th"]
[Site "Cardiff"]
[Date "2018.03.30"]
[Round "1"]
[White "Peters, Chris"]
[Black "Davies, Gareth"]
[Result "1-0"]
[WhiteElo "1591"]
[BlackElo "1342"]
[PlyCount "117"]
[EventDate "2018.03.30"]
[EventType "swiss"]
[EventRounds "7"]
[EventCountry "WLS"]
[SourceTitle "EXT 2021"]
[Source "ChessBase"]
[SourceDate "2020.10.23"]
[SourceVersion "1"]
[SourceVersionDate "2020.10.23"]
[SourceQuality "1"]

1. e4 Nf6 2. Bc4 d6 3. Nc3 e6 4. Nf3 Be7 5. 0-0 0-0 6. d4 Nc6 7. Re1 Na5 8. Bd3 c5 9. dxc5 dxc5 10. Qe2 Nc6 11. e5 Nd5 12. Qe4 g6 13. Bh6 Nxc3 14. bxc3 Re8 15. Qf4 f5 16. Re3 Bf8 17. h4 Bxh6 18. Qxh6 Qe7 19. h5 Qg7 20. Qg5 gxh5 21. Qxh5 Qg6 22. Qxg6+ hxg6 23. Ng5 Re7 24. f4 Bd7 25. Rd1 Nd8 26. Rh3 Rg7 27. Kf2 Nf7 28. Rdh1 Kf8 29. Bc4 Nxg5 30. Rh8+ Rg8 31. fxg5 Re8 32. R8h7 Bc8 33. Rd1 Rg7 34. Rh8+ Rg8 35. Rh7 Rg7 36. Rxg7 Kxg7 37. Kg3 a6 38. a4 Kf7 39. a5 Kg7 40. Rd6 Kf7 41. Be2 Re7 42. Bf3 Rc7 43. Kf4 Bd7 44. Rb6 Bc8 45. Ke3 Ke7 46. g4 Kf7 47. Rd6 Bd7 48. gxf5 gxf5 49. Bh5+ Kg7 50. Kf4 Bc8 51. Rd8 Bd7 52. g6 Bc6 53. Kg5 Be4 54. Rd6 Bd5 55. Be2 c4 56. Rb6 Rd7 57. Rb1 Rd8 58. Rd1 Rc8 59. Rd4 1-0